| 000 | nam a22 a 4500 | ||
|---|---|---|---|
| 999 |
_c4533 _d4533 |
||
| 003 | AKMAL | ||
| 005 | 20170531095923.0 | ||
| 008 | 1 s2004 my | e l 000 0 eng d | ||
| 020 |
_a9678915308 (pbk.) : _cRM15.00 |
||
| 040 | _cAKMAL | ||
| 082 | 0 | 4 |
_a346.595063 ACC _222 |
| 090 | 0 | 0 |
_a346.595063 _bACC |
| 110 | 1 |
_aMalaysia _9400 |
|
| 240 | 1 | 0 |
_aAkta Akauntan, 1967. _lEnglish |
| 245 | 1 | 0 |
_aAccountants Act 1967 (Act 94) and Rules & Audit Act 1957 (Act 62) : _b(as at 5th August 2004)/ _ccompiled by Legal Research Board |
| 260 |
_aPetaling Jaya : _bInternational Law Book Services, _c2004 |
||
| 300 |
_a92p. ; _c24cm. |
||
| 440 | 0 |
_aLaws of Malaysia _91830 |
|
| 650 | 1 | 0 |
_aAccountants _xLegal status, laws, etc. _zMalaysia _98762 |
| 650 | 2 | 0 |
_aAccounting _xLaw and legislation _zMalaysia _98763 |
| 650 | 2 | 0 |
_aAuditors _xLegal status, laws, etc. _zMalaysia _98764 |
| 650 | 2 | 0 |
_aAuditing _xLaw and legislation _zMalaysia _98765 |
| 710 | 1 |
_aMalaysia. _tAkta Audit, 1957 _98766 |
|
| 710 | 2 |
_aLembaga Penyelidikan Undang-Undang _98767 |
|
| 942 |
_2ddc _cBOOK |
||